Statistics for Every Country By One Word!

Click here to take the quiz!

General Stats

  • This quiz has been taken 98 times
  • The average score is 76 of 196

Answers on the Map

Answers color-coded by a green-red scale on the quiz's map according to % correct below.
 

Answer Stats

WordCountry% Correct
AegeanGreece
78%
BaguetteFrance
77%
AnimeJapan
73%
d'IvoireIvory Coast
72%
LemurMadagascar
72%
KangarooAustralia
70%
BissauGuinea
70%
PizzaItaly
68%
EverestNepal
68%
KiwisNew Zealand
68%
NaziGermany
67%
MozartAustria
65%
CleopatraEgypt
65%
HispaniolaHaiti
65%
BaliIndonesia
65%
GrenadinesSaint Vincent and the
Grenadines
65%
OttomanTurkey
65%
BurjUnited Arab Emirates
65%
AngkorCambodia
63%
DemocraticDemocratic Republic
of the Congo
63%
GuineaGuinea-Bissau
63%
BeneluxLuxembourg
63%
BasqueSpain
63%
CrimeaUkraine
63%
QueenUnited Kingdom
63%
FederatedFederated States of
Micronesia
62%
IceIceland
62%
NachosMexico
62%
GenghisMongolia
62%
KimNorth Korea
62%
IncasPeru
62%
LuciaSaint Lucia
62%
MandelaSouth Africa
62%
KilimanjaroTanzania
62%
PopeVatican City
62%
EquatorEcuador
60%
HungryHungary
60%
JudaismIsrael
60%
CasinoMonaco
60%
LeoneSierra Leone
60%
CzechiaSlovakia
60%
DonaldUnited States
60%
EritreaEthiopia
58%
GaddafiLibya
58%
AlexanderNorth Macedonia
58%
CanalPanama
58%
KosovoSerbia
58%
ChinaTaiwan
58%
SiamThailand
58%
CarthageTunisia
58%
CarnivalBrazil
57%
PopulationChina
57%
LeprechaunIreland
57%
VampireRomania
57%
NeutralSwitzerland
57%
LesothoEswatini
55%
UsainJamaica
55%
EswatiniLesotho
55%
VodkaRussia
55%
OilSaudi Arabia
55%
CaspianAzerbaijan
53%
QatarBahrain
53%
EthiopiaEritrea
53%
BoratKazakhstan
53%
UruguayParaguay
53%
RonaldoPortugal
53%
BurundiRwanda
53%
GambiaSenegal
53%
MessiArgentina
52%
RihannaBarbados
52%
LlamaBolivia
52%
BosniaCroatia
52%
KurdsIraq
52%
SerbiaKosovo
52%
KashmirPakistan
52%
BahrainQatar
52%
SaharaAlgeria
50%
PyreneesAndorra
50%
CheCuba
50%
SenegalGambia
50%
MediterraneanMalta
50%
VikingNorway
50%
NevisSaint Kitts and Nevis
50%
VaticanSan Marino
50%
SafariKenya
48%
LuzonPhilippines
48%
BTSSouth Korea
48%
RefugeeSyria
48%
RussiaBelarus
47%
ChocolateBelgium
47%
MapleCanada
47%
CentralCentral African Republic
47%
SaunaFinland
47%
SwitzerlandLiechtenstein
47%
NollywoodNiger
47%
PiracySomalia
45%
NewestSouth Sudan
45%
MahalIndia
43%
LanguagesPapua New Guinea
43%
PetronasMalaysia
42%
SlovakiaSlovenia
42%
GenocideArmenia
40%
Afro-EurasianCyprus
40%
MayanGuatemala
40%
ColdSweden
40%
CeutaMorocco
38%
TurkTurkmenistan
38%
RiceVietnam
38%
NauruTuvalu
37%
LongChile
35%
ObeseNauru
35%
RepublicRepublic of the Congo
35%
BeerCzech Republic
33%
ColumbusDominican Republic
33%
EastEast Timor
33%
TarawaKiribati
33%
DahomeyBenin
30%
SultanateOman
30%
AntillesDominica
28%
SzczebrzeszynPoland
28%
AmericanSamoa
28%
DutchSuriname
28%
EagleAlbania
27%
CabindaAngola
27%
NyasaMalawi
27%
VoltaBurkina Faso
25%
MargretheDenmark
25%
PacificFiji
25%
PolishLithuania
25%
AK-47Mozambique
25%
SrebrenicaBosnia and
Herzegovina
23%
HappinessBhutan
22%
GranColombia
22%
OnlineEstonia
22%
RouhaniIran
22%
MansaMali
22%
ErasmusNetherlands
22%
SouthSudan
22%
LastZimbabwe
22%
BeachesBahamas
20%
LakeChad
20%
BananaCosta Rica
20%
PrincipeEquatorial Guinea
20%
AirportSingapore
20%
FirstAfghanistan
18%
ArchipelagoCape Verde
18%
StateGeorgia
18%
GulfKuwait
18%
SierraLiberia
18%
MosquitoNicaragua
18%
BlackNigeria
18%
DictatorVenezuela
18%
PoorestBurundi
17%
SpongebobMarshall Islands
17%
DragosteaMoldova
17%
FIFAUruguay
17%
RiversBangladesh
15%
SoutheastLaos
15%
CoffeeYemen
15%
MichaelJordan
13%
MountainsMontenegro
13%
ElephantMyanmar
13%
DesertNamibia
13%
JellyfishPalau
13%
PamirTajikistan
13%
VangaBulgaria
12%
LemonnierDjibouti
12%
KumyzKyrgyzstan
12%
PotatoLatvia
12%
ReligionLebanon
12%
SlavesMauritania
12%
CinnamonSri Lanka
12%
YakkoBotswana
10%
Arabic-FrenchComoros
10%
ParadiseSeychelles
10%
CoffinGhana
8%
RwenzoriUganda
8%
VictoriaZambia
8%
DivingBelize
7%
EweTogo
7%
SundayTonga
7%
AlgorithmUzbekistan
7%
SailingAntigua and Barbuda
5%
PeaceBrunei
5%
VolcanoesEl Salvador
5%
WildlifeGabon
5%
CocoaGrenada
5%
TextilesHonduras
5%
ShorelineMauritius
5%
UnknownSão Tomé and Príncipe
5%
DisasterVanuatu
5%
ShrimpCameroon
3%
SugarGuyana
3%
SeaMaldives
3%
LagoonsSolomon Islands
3%
PanTrinidad and Tobago
3%

Score Distribution

Percentile by Number Answered

Percent of People with Each Score

Your Score History

You have not taken this quiz